7 formula individu cemerlang / (Record no. 514)

000 -LEADER
fixed length control field nam a22 a 4500
003 - CONTROL NUMBER IDENTIFIER
control field AKMAL
005 - DATE AND TIME OF LATEST TRANSACTION
control field 20170504110217.0
008 - FIXED-LENGTH DATA ELEMENTS--GENERAL INFORMATION
fixed length control field 170504s2005 my e b 000 0 may d
020 ## - INTERNATIONAL STANDARD BOOK NUMBER
International Standard Book Number 9833372856 (kkt) :
Terms of availability RM33.00
040 ## - CATALOGING SOURCE
Original cataloging agency AKMAL
082 04 - DEWEY DECIMAL CLASSIFICATION NUMBER
Classification number 153.8 DAN
090 ## - LOCALLY ASSIGNED LC-TYPE CALL NUMBER (OCLC); LOCAL CALL NUMBER (RLIN)
Classification number (OCLC) (R) ; Classification number, CALL (RLIN) (NR) 153.8
Local cutter number (OCLC) ; Book number/undivided call number, CALL (RLIN) DAN
100 0# - MAIN ENTRY--PERSONAL NAME
Personal name Danial Zainal Abidin
9 (RLIN) 1156
245 10 - TITLE STATEMENT
Title 7 formula individu cemerlang /
Statement of responsibility, etc. Danial Zainal Abidin
246 3# - VARYING FORM OF TITLE
Title proper/short title Tujuh formula individu cemerlang
260 ## - PUBLICATION, DISTRIBUTION, ETC.
Place of publication, distribution, etc. Bentong, Pahang :
Name of publisher, distributor, etc. PTS Millennia Sdn. Bhd. ,
Date of publication, distribution, etc. 2005
300 ## - PHYSICAL DESCRIPTION
Extent vii, 365ms. ;
Dimensions 23cm.
650 0# - SUBJECT ADDED ENTRY--TOPICAL TERM
Topical term or geographic name entry element Motivation (Psychology)
9 (RLIN) 559
650 0# - SUBJECT ADDED ENTRY--TOPICAL TERM
Topical term or geographic name entry element Success
9 (RLIN) 2
650 ## - SUBJECT ADDED ENTRY--TOPICAL TERM
Topical term or geographic name entry element Self-realization
9 (RLIN) 1157
942 ## - ADDED ENTRY ELEMENTS (KOHA)
Source of classification or shelving scheme
Koha item type Book
Holdings
Withdrawn status Lost status Source of classification or shelving scheme Damaged status Not for loan Collection code Home library Current library Shelving location Date acquired Inventory number Total Checkouts Total Renewals Full call number Barcode Date last seen Date last checked out Price effective from Koha item type
          NON-FICTION AKMAL Melaka AKMAL Melaka PINJAMAN 04.05.2017 100526 1 2 153.8 DAN 201701439 02.11.2017 16.09.2017 04.05.2017 Book
          NON-FICTION AKMAL Melaka AKMAL Melaka PINJAMAN 04.05.2017 100527     153.8 DAN 201701422 04.05.2017   04.05.2017 Book
Pusat Sumber Maklumat Dato' Haji Sarmin Md Hussin, Akademi Kastam Diraja Malaysia, Melaka
Tel: 06-2331106 | Faks: 06-2313787